| 000 | 00963nam a2200289 a 4500 | ||
|---|---|---|---|
| 001 | 2012869 | ||
| 003 | ARRUPE | ||
| 005 | 20131211164107.0 | ||
| 008 | 910117s1989 za b 000 0 eng | ||
| 010 | _a 90981289 | ||
| 020 | _a9982070029 | ||
| 040 |
_aDLC _cDLC |
||
| 043 | _af-za--- | ||
| 050 | 0 | 0 |
_aB549.Z33 _bD55 1989 |
| 082 | 0 | 0 |
_a144/.096894 _220 |
| 100 | 2 |
_aDillon-Malone, Clive M. _q(Clive Mary) _95535 |
|
| 245 | 1 | 0 |
_aZambian humanism, religion, and social morality / _c[Clive Dillon-Malone]. |
| 260 |
_a[Zambia : _bs.n.], _cc1989 _e(Ndola, Zambia : _fMission Press) |
||
| 300 |
_av, 102 p. ; _c21 cm. |
||
| 504 | _aIncludes bibliographical references (p. 100-102). | ||
| 650 | 0 |
_aHumanism _zZambia. _95536 |
|
| 650 | 0 |
_aPhilosophy, Zambian. _95537 |
|
| 651 | 0 |
_aZambia _xReligion. _95538 |
|
| 906 |
_a7 _bcbc _corignew _d3 _encip _f19 _gy-gencatlg |
||
| 942 |
_2lcc _cMONOGRAPH |
||
| 999 |
_c119215 _d119215 |
||